| 000 | 00768nam a2200241Ia 4500 | ||
|---|---|---|---|
| 003 | OSt | ||
| 005 | 20210430135204.0 | ||
| 008 | 210310s2014 ck abd gr 000 0 spa d | ||
| 040 |
_aCO-JMCR _cCO-JMCR |
||
| 041 | 0 | _aspa | |
| 082 | 0 | 4 |
_a378.33 / _bC642e _223 |
| 110 | 2 |
_aColfuturo _914677 |
|
| 245 | 1 | 3 |
_aLa excelencia de un sueño / _cColfuturo |
| 250 | _aSéptima edición | ||
| 260 |
_aBogotá : _bPanamericana, _c2014. |
||
| 300 |
_a352 páginas : _bilustraciones, gráficos y mapas a color ; _c27 cm. |
||
| 440 |
_a0 _925828 |
||
| 505 | 0 | _aLa fundación. -- Programas. -- Convenios. -- Proceso de selección. | |
| 650 | 1 | 4 |
_aEducación superior. _925829 |
| 650 | 2 | 4 |
_aBecas y subvenciones. _937306 |
| 650 | 2 | 4 |
_aColciencias. _xICETEX _937307 |
| 942 |
_2ddc _cBK |
||
| 999 |
_c11552 _d11552 |
||